000 00708nam a2200265Ia 4500
005 20260302114349.0
008 008 260114s9999 xx 000 0 eng d
020 _a9781666995787
037 _aTextbook
040 _aCRL
040 _beng
040 _cCRL
041 _2eng
041 _aeng
084 _qCRL
100 _aJohn Peter Radez
_91118555
245 0 _aIbn Miskawayh, the Soul, and the Pursuit of Happiness The Truly Happy Sage
260 _bBloomsbury
260 _bLexington Books
260 _c2019
650 _aPhilosophy
856 _uhttps://doi.org/10.5040/9781666995787?locatt=label:secondary_bloomsburyCollections
942 _cEBOOK
999 _c1682283
_d1682283